Doctrine de l'humanité (Record no. 153434)

MARC details
000 -LEADER
campo de control de longitud fija 00591nam a22001815i 4500
001 - NÚMERO DE CONTROL
campo de control 153434
003 - IDENTIFICADOR DE NÚMERO DE CONTROL
campo de control ES-MaACL
005 - FECHA Y HORA DE LA ÚLTIMA TRANSACCIÓN
campo de control 20230906205224.0
008 - DATOS DE LONGITUD FIJA--INFORMACIÓN GENERAL
campo de control de longitud fija 040831s1848 fr |||| | fre d
040 ## - FUENTE DE CATALOGACIÓN
Centro catalogador/agencia de origen CAM
Lengua de catalogación spa
Centro/agencia transcriptor CAM
100 1# - ENTRADA PRINCIPAL--NOMBRE DE PERSONA
Nombre de persona Desages, Luc.
9 (RLIN) 126763
245 10 - MENCIÓN DEL TÍTULO
Título Doctrine de l'humanité
Resto del título : aphorismes.
260 ## - PUBLICACIÓN, DISTRIBUCIÓN, ETC.
Lugar de publicación, distribución, etc. Boussac :
Nombre del editor, distribuidor, etc. [s.n.],
Fecha de publicación, distribución, etc. 1848 (
Fabricante Imprimerie de Pierre Leroux)
300 ## - DESCRIPCIÓN FÍSICA
Extensión 32 p. ;
Dimensiones 22 cm.
594 ## - Nota al título y mención de responsabilidad
Nota al título y mención de responsabilidad Los autores constan en prelim.: Luc Desages, Auguste Desmoulins.
700 11 - ENTRADA AGREGADA--NOMBRE PERSONAL
Nombre de persona Desmoulins, Auguste.
9 (RLIN) 126770
852 ## - LOCALIZACIÓN
Ubicación ES-MaACL
Número de control de estantería G-12552(2)
Nota libre -- Enc. hol.
Holdings
Estatus retirado Estado de pérdida Estado de daño No para préstamo Colección Biblioteca de origen Biblioteca actual Ubicación en estantería Fecha de adquisición Fuente de adquisición Total de préstamos Signatura topográfica completa Código de barras Visto por última vez Precio de reemplazo Tipo de ítem Koha
        Libros del s. XIX Biblioteca del Ateneo de Madrid Biblioteca del Ateneo de Madrid Sala Pecera Planta 3 17/01/2008     G-12552(2) 1160356 23/02/2023 23/02/2023 Libro impreso antiguo